Niekoľko poznámok k meraniu úrokového rizika

Rastúci význam úrokového rizika v bankách. Zdroje úrokového rizika v súvahe a podsúvahe banky: časový nesúlad splatností, bázické riziko, riziko výnosovej krivky, opcionalita. Dopad úrokového rizika na banku. Metódy merania úrokového rizika: gap analýza, metóda duračného gapu, metóda bázického bodu...

Ausführliche Beschreibung

Gespeichert in:
Bibliographische Detailangaben
1. Verfasser: Ličák, Marek
Format: Buchkapitel
Sprache:Slowakisch
Schlagworte:
Tags: Tag hinzufügen
Keine Tags, Fügen Sie das erste Tag hinzu!

MARC

LEADER 00000naa$a2200000$$$4500
001 0011891
005 20221128110422.7
041 0 |a slo 
044 |a SK 
245 1 0 |a Niekoľko poznámok k meraniu úrokového rizika  |c aut. Marek Ličák 
520 |a Rastúci význam úrokového rizika v bankách. Zdroje úrokového rizika v súvahe a podsúvahe banky: časový nesúlad splatností, bázické riziko, riziko výnosovej krivky, opcionalita. Dopad úrokového rizika na banku. Metódy merania úrokového rizika: gap analýza, metóda duračného gapu, metóda bázického bodu a simulačné metódy. Úrokové riziko v bankovom sektore SR. 
610 2 0 |a riziko 
610 2 0 |a úrok 
610 2 0 |a banky 
610 2 0 |a pojmy 
610 2 0 |a durácia 
610 2 0 |a sadzby úrokové 
100 1 |a Ličák, Marek